|
|
|
|
| LEADER |
00000nab a2200000 ar4500 |
| 001 |
vtls009490586 |
| 003 |
SK-MaSNL |
| 005 |
20260304233157.0 |
| 008 |
090407c2009 xo wr|p|||||||000 b|slo |
| 038 |
|
|
|a PPPK
|
| 040 |
|
|
|a PPPKCL
|b slo
|c PPPKCL
|e AACR2
|
| 041 |
0 |
|
|a slo
|
| 044 |
|
|
|a xo
|c SK
|
| 080 |
|
|
|a 061.27
|2 2001
|
| 080 |
|
|
|a 336.563
|2 2001
|
| 080 |
|
|
|a 177.72
|2 2001
|
| 080 |
|
|
|a 364.6
|2 2001
|
| 245 |
0 |
0 |
|a Nadácia Chemosvit pomáha celému regiónu
|c [autor] (reš)
|
| 300 |
|
|
|b Fotogr.
|
| 610 |
2 |
7 |
|a Nadácia Chemosvit
|2 pppkcl
|9 1085736
|
| 648 |
|
7 |
|a 2009
|2 pppkcl
|9 320114
|
| 650 |
0 |
7 |
|a finančná pomoc
|2 pppkcl
|9 1034094
|
| 650 |
0 |
7 |
|a dobročinnosť
|2 pppkcl
|9 242233
|
| 650 |
0 |
7 |
|a sociálne problémy
|2 pppkcl
|9 4223
|
| 650 |
0 |
7 |
|a sociálne ohrozené skupiny
|2 pppkcl
|9 83816
|
| 650 |
0 |
7 |
|a zdravotnícke zariadenia
|2 pppkcl
|9 3009
|
| 650 |
0 |
7 |
|a kultúra
|2 pppkcl
|9 886
|
| 651 |
|
7 |
|a Svit (Slovensko)
|2 pppkcl
|9 29648
|
| 651 |
|
7 |
|a Podtatrie (Slovensko)
|x sociálne problémy
|x finančná pomoc
|2 pppkcl
|9 1568499
|
| 773 |
0 |
|
|t Podtatranské noviny
|g Roč. IIL, č. 13 (2009), s.
|
| 852 |
|
|
|a PPPK
|b KIS3GCP
|
| 999 |
|
|
|c 3197585
|d 3199515
|